The.Net languages: (Record no. 472)

MARC details
000 -LEADER
fixed length control field 00594nac a22001691u 4500
020 ## - INTERNATIONAL STANDARD BOOK NUMBER
International Standard Book Number 1893115488
082 ## - DEWEY DECIMAL CLASSIFICATION NUMBER
Classification number 005.453
Item number B6214
090 ## - LOCALLY ASSIGNED LC-TYPE CALL NUMBER (OCLC); LOCAL CALL NUMBER (OCLC)
-- 472
-- 472
100 ## - MAIN ENTRY--PERSONAL NAME
Personal name Bischof, Brian
245 ## - TITLE STATEMENT
Title The.Net languages:
Remainder of title A quick translation guide/
Statement of responsibility, etc Brian Bischof
260 ## - PUBLICATION, DISTRIBUTION, ETC. (IMPRINT)
Place of publication, distribution, etc New York:
Name of publisher, distributor, etc Springer verlag,
Date of publication, distribution, etc 2001
300 ## - PHYSICAL DESCRIPTION
Extent 383 P.
650 ## - SUBJECT ADDED ENTRY--TOPICAL TERM
Topical term or geographic name as entry element Programming languages (electronic computers)
650 ## - SUBJECT ADDED ENTRY--TOPICAL TERM
Topical term or geographic name as entry element Microsoft.NET
942 ## - ADDED ENTRY ELEMENTS (KOHA)
Item type Book - Borrowing
Call number prefix 005.453B6214
Holdings
Withdrawn status Item status Source of classification or shelving scheme Damaged status Not for loan Vendor Home library Current library Shelving location Date acquired Source of acquisition Cost, normal purchase price Total Checkouts Full call number Barcode Date last seen Cost, replacement price Koha item type
    Dewey Decimal Classification       Central Library Central Library Lower Floor 06/06/2011   180.00   005.453 BIS 000004152 15/07/2025 225.00 Book - Borrowing